[Event "Sharjah op rapid"]
[Site "Sharjah"]
[Date "2014.07.07"]
[Round "5"]
[White "Ioualalen, Lotfi"]
[Black "Irfan, S."]
[Result "0-1"]
[WhiteElo "2134"]
[BlackElo "1697"]
[PlyCount "88"]
[EventDate "2014.07.05"]
[EventType "swiss (rapid)"]
[EventRounds "9"]
[EventCountry "UAE"]
[SourceTitle "CBM 161 Extra"]
[Source "ChessBase"]
[SourceDate "2014.08.29"]
[SourceVersion "1"]
[SourceVersionDate "2014.08.29"]
[SourceQuality "1"]

1. d4 g6 2. c4 Bg7 3. Nc3 d6 4. e4 Nd7 5. Nf3 e5 6. g3 Nh6 7. Bg2 0-0 8. 0-0 f6 9. h3 c6 10. Be3 Qe7 11. Qd2 Nf7 12. Rfe1 f5 13. exf5 gxf5 14. b3 Kh8 15. Rad1 Rg8 16. c5 e4 17. Nh4 Nf8 18. cxd6 Qxd6 19. d5 Ne5 20. Bf4 Nfg6 21. Nxg6+ Qxg6 22. dxc6 bxc6 23. Bxe5 Bxe5 24. Ne2 Qg7 25. Rc1 Bb7 26. Qa5 f4 27. Bxe4 fxg3 28. f4 Bd4+ 29. Kg2 c5 30. Nxd4 Qxd4 31. Qc3 Qxc3 32. Rxc3 Rae8 33. Rce3 Rxe4 34. Rxe4 Re8 35. Kf3 Rxe4 36. Rxe4 g2 37. Kxg2 Bxe4+ 38. Kf2 Bb1 39. a3 Kg7 40. Ke3 Kf6 41. Kd2 Kf5 42. Kc3 Kxf4 43. Kc4 Ba2 44. Kxc5 Bxb3 0-1

[Event "Sharjah op rapid"]
[Site "Sharjah"]
[Date "2014.07.07"]
[Round "6"]
[White "Matutina, Mark"]
[Black "Irfan, S."]
[Result "1-0"]
[WhiteElo "2048"]
[BlackElo "1697"]
[PlyCount "49"]
[EventDate "2014.07.05"]
[EventType "swiss (rapid)"]
[EventRounds "9"]
[EventCountry "UAE"]
[SourceTitle "CBM 161 Extra"]
[Source "ChessBase"]
[SourceDate "2014.08.29"]
[SourceVersion "1"]
[SourceVersionDate "2014.08.29"]
[SourceQuality "1"]

1. c4 g6 2. Nc3 Bg7 3. e4 d6 4. d4 Nd7 5. Be3 Nh6 6. f3 f6 7. Qd2 e5 8. c5 0-0 9. g4 exd4 10. Bxd4 Ne5 11. Qc1 Be6 12. Bxe5 fxe5 13. h4 c6 14. Qd2 Nf7 15. Kd1 a6 16. Nh3 b5 17. Ng5 Bc4 18. Bxc4 bxc4 19. Nxf7 Rxf7 20. Qxd6 Qb6 21. Qe6 Rb8 22. Rh2 Kf8 23. Rd2 Rxf3 24. Qxc4 Rf2 25. Rxf2+ 1-0

[Event "Sharjah op rapid"]
[Site "Sharjah"]
[Date "2014.07.06"]
[Round "3"]
[White "Sokolov, Ivan"]
[Black "Irfan, S."]
[Result "1-0"]
[WhiteElo "2598"]
[BlackElo "1697"]
[PlyCount "25"]
[EventDate "2014.07.05"]
[EventType "swiss (rapid)"]
[EventRounds "9"]
[EventCountry "UAE"]
[SourceTitle "CBM 161 Extra"]
[Source "ChessBase"]
[SourceDate "2014.08.29"]
[SourceVersion "1"]
[SourceVersionDate "2014.08.29"]
[SourceQuality "1"]

1. d4 d6 2. Bg5 Nd7 3. e4 f6 4. Be3 e5 5. Nc3 g6 6. f4 Nh6 7. Nf3 Bg7 8. fxe5 dxe5 9. dxe5 fxe5 10. Bg5 Nf6 11. Qxd8+ Kxd8 12. 0-0-0+ Ke8 13. Nb5 1-0